Statistics for Teams Michigan Football has lost to since 2006

Click here to take the quiz!

General Stats

  • This quiz has been taken 231 times
    (184 since last reset)
  • The average score is 17 of 25

Answer Stats

HintAnswer% Correct
13Ohio State
99%
9Michigan State
95%
7Penn State
89%
5Iowa
87%
2Alabama
86%
6Wisconsin
85%
2Illinois
84%
1Indiana
81%
2Nebraska
81%
1Minnesota
78%
4Notre Dame
78%
1Rutgers
78%
1Florida
77%
1Maryland
75%
1Northwestern
74%
2Purdue
74%
1Florida State
67%
1USC
58%
2South Carolina
53%
1Appalachian State
50%
1Oregon
50%
3Utah
45%
1Mississippi State
30%
1Kansas State
28%
1Toledo
19%

Score Distribution

Percentile by Number Answered

Percent of People with Each Score

Your Score History

You have not taken this quiz since the last reset